On This Day: December 30th Quiz Stats

Quiz Updated Dec 30, 2017

Challenge
Share
Tweet
Embed
Score 0/7 Timer 03:00
0 Plays Today
Question Answer Wrong Answers
This Russian mystic and advisor to the Tsar is murdered by a loyalist group led by Prince Felix Yusupov.
1916
Grigori Rasputin
88.2%
Dmitri Pavlovich
3.9%
Alexander Kerensky
3.4%
Vladimir Purishkevich
3.6%
This American basketball player, who was selected with the first overall pick of the 2003 NBA draft, is born.
1984
LeBron James
82%
Stephen Curry
5.8%
Kevin Durant
6.6%
Dwight Howard
3.2%
This man, who will later rule as a dictator under martial law from 1972 until 1981, becomes President of the Philippines.
1965
Ferdinand Marcos
78.4%
Rodrigo Duterte
6.4%
Diosdado P. Macapagal
2.4%
Benigno Aquino III
10.8%
Israel establishes diplomatic relations with this microstate, and also upgrades to full diplomatic relations with Ireland.
1993
Vatican City
74.5%
Monaco
11.7%
Bahrain
5.7%
Brunei
5.2%
The Ginza Line, the first subway line in Asia, opens in ______.
1927
Tokyo
72.8%
Beijing
17.3%
Bangkok
6.1%
Tehran
2.4%
As part of the War of 1812, British soldiers burn this New York city near the Niagara River.
1813
Buffalo
61.3%
Albany
17%
Syracuse
14.9%
Poughkeepsie
6.7%
In this treaty, the United States buys land from Mexico to facilitate railroad building in the Southwest.
1853
Gadsden Purchase
41.5%
Santa Fe Purchase
30.4%
Mexico Purchase
7.9%
Arizona Purchase
19.5%

Today's Daily Dose

You're not logged in!

Compare scores with friends on all Sporcle quizzes.
Join for Free
OR
Log In

You Might Also Like...

Show Comments

Extras

Top Quizzes Today


Score Distribution

Your Account Isn't Verified!

In order to create a playlist on Sporcle, you need to verify the email address you used during registration. Go to your Sporcle Settings to finish the process.

Report this User

Report this user for behavior that violates our Community Guidelines.

Details: